Comparison on rice cultivation techniques on farmers`fields in tramkak district, takeo province ប្រៀបធៀបបច្ចេកទេសផលិតកម្មដំណាំស្រូវលើស្រែកសិករនៅស្រុកត្រំាកក់ខេត្តតាកែវ (Record no. 1100)
[ view plain ]
| 000 -LEADER | |
|---|---|
| fixed length control field | 00672nam a22001577a 4500 |
| 003 - CONTROL NUMBER IDENTIFIER | |
| control field | OSt |
| 005 - DATE AND TIME OF LATEST TRANSACTION | |
| control field | 20150923093710.0 |
| 008 - FIXED-LENGTH DATA ELEMENTS--GENERAL INFORMATION | |
| fixed length control field | 150923b xxu||||| |||| 00| 0 eng d |
| 040 ## - CATALOGING SOURCE | |
| Transcribing agency | RUA |
| 082 ## - DEWEY DECIMAL CLASSIFICATION NUMBER | |
| Classification number | AGR LEN 2007 B048 Or.1 |
| 100 ## - MAIN ENTRY--PERSONAL NAME | |
| 9 (RLIN) | 1149 |
| Personal name | LENG, VIRA. |
| 245 ## - TITLE STATEMENT | |
| Title | Comparison on rice cultivation techniques on farmers`fields in tramkak district, takeo province ប្រៀបធៀបបច្ចេកទេសផលិតកម្មដំណាំស្រូវលើស្រែកសិករនៅស្រុកត្រំាកក់ខេត្តតាកែវ |
| 260 ## - PUBLICATION, DISTRIBUTION, ETC. (IMPRINT) | |
| Place of publication, distribution, etc. | Phnom Penh |
| Name of publisher, distributor, etc. | RUA |
| Date of publication, distribution, etc. | 2007 |
| 300 ## - PHYSICAL DESCRIPTION | |
| Extent | xiv, 55p. |
| Other physical details | ill. |
| Dimensions | 29cm. |
| 942 ## - ADDED ENTRY ELEMENTS (KOHA) | |
| Source of classification or shelving scheme | |
| Koha item type | AGR |
| Price effective from | Date last seen | Permanent Location | Not for loan | Date acquired | Source of classification or shelving scheme | Koha item type | Lost status | Withdrawn status | Date last checked out | Total Checkouts | Damaged status | Barcode | Shelving location | Current Location | Full call number |
|---|---|---|---|---|---|---|---|---|---|---|---|---|---|---|---|
| 2015-09-23 | 2023-12-01 | Library Block B | 2015-09-23 | AGR | 2023-10-31 | 1 | A00926 | Library Block B | AGR LEN 2007 B048 Or.4 | ||||||
| 2015-09-23 | 2015-09-23 | Library Block B | 2015-09-23 | AGR | RUA002304 | B048 | Library Block B | AGR LEN 2007 B048 Or.2 | |||||||
| 2015-09-23 | 2015-09-23 | Library Block B | 2015-09-23 | AGR | RUA002935 | B048 | Library Block B | AGR LEN 2007 B048 Or.3 | |||||||
| 2019-01-21 | 2019-04-02 | Library Block B | 2019-01-21 | AGR | 2019-03-11 | 1 | A41902 | B1.210 | Library Block B | AGR LEN 2007 B1.210 Or.1 | |||||
| 2019-01-21 | 2019-01-21 | Library Block B | 2019-01-21 | AGR | A41692 | B1.210 | Library Block B | AGR LEN 2007 B1.210 Or.1 |